banner koha

Biostimulant use in pangolão grass Digitaria pentzii subjected to saline stress (Registro n. 332002)

MARC details
000 -LÍDER
fixed length control field 04259nab a2200337 i 4500
003 - CÓDIGO MARC DA AGÊNCIA CATALOGADORA
Campo de controle BR-BrBNA
005 - DATA E HORA DA ÚLTIMA ATUALIZAÇÃO
Campo de controle 20250610125357.0
008 - CAMPO DE TAMANHO FIXO
fixed length control field 250610b2023 bl.mr|pooa||| 00| 0 eng |
040 ## - FONTE DA CATALOGAÇÃO
Agência catalogadora BR-BrBNA
Idioma da catalogação eng
072 ## - CATEGORIA AGRIS
Código AGRIS F60
Código do objeto 1930
100 ## - ENTRADA PRINCIPAL - NOME PESSOAL
Nome pessoal Leite, Mauricio L. de M. V.
100 ## - ENTRADA PRINCIPAL - NOME PESSOAL
Nome pessoal Silva, Manuévely C. da
100 ## - ENTRADA PRINCIPAL - NOME PESSOAL
Nome pessoal Simões, Vicente J. L. P.
100 ## - ENTRADA PRINCIPAL - NOME PESSOAL
Nome pessoal Lucena, Leandro R. R. de
100 ## - ENTRADA PRINCIPAL - NOME PESSOAL
Nome pessoal Sales, Aldo T.
245 ## - TÍTULO PRINCIPAL
Título principal Biostimulant use in pangolão grass Digitaria pentzii subjected to saline stress
500 ## - NOTA GERAL
Nota geral Publicação on-line; 27 ref.; 4 illus; 3 tables; Sumaries (En, Pt)
942 ## - ADDED ENTRY ELEMENTS (KOHA)
Koha item type Analítica
520 ## - NOTA DE RESUMO
Nota de conteúdo <br/><br/>ABSTRACT: Salinity caused by excess salts in soil solutions is one of the most limiting environmental stresses in agriculture worldwide. In this scenario, among strategies that favor the expression of the genetic potential of plants, the use of biostimulants stands out. The objective of this study was to evaluate the influence of a seaweed-based biostimulant on growth, forage production, gas exchange, and accumulation of sodium and potassium ions in pangolão grass (Digitaria pentzii) under saline stress. The experiment was conducted from March to July 2019 using a randomized block design, in a 2 × 3 factorial scheme with two concentrations of biostimulant (0 and 8 mL L-1) and three electrical conductivities of irrigation water (0.03, 2 and 4 dS m-1), with four replicates. The accumulation of 50 µmol g-1 of sodium in leaves corresponded to a reduction of 0.3 g of dry matter in the leaf blade production per plot. The biostimulant did not influence the structural characteristics, phytomass accumulation, or stomatal conductance of the pangolão grass, regardless of salinity. At the level of 4 dS m-1 in irrigation water, the ionic stress toxicity due to the accumulation of salts in the aerial part of pangolão grass was more severe. This is the first evidence of the “moderate” salinity tolerance of pangolão grass in semi-arid regions.<br/><br/>Key words: abiotic stress, phytomass accumulation, salinity, seaweed extract, sodium content
520 ## - NOTA DE RESUMO
Nota de conteúdo <br/><br/>RESUMO: A salinidade causada pelo excesso de sais na solução do solo é um dos estresses ambientais mais limitantes na agricultura no mundo. Nesse cenário, dentre as estratégias para favorecer a expressão do potencial genético das plantas, destaca-se o uso de bioestimulantes. Objetivou-se avaliar a influência de um bioestimulante à base de extrato de algas marinhas no crescimento, produção de forragem, trocas gasosas e acúmulo de íons sódio e potássio em capim-pangolão Digitaria pentzii, submetido a condições de estresse salino. O experimento foi conduzido de março a julho de 2019, em delineamento de blocos casualizados, em esquema fatorial 2 × 3, com duas concentrações do bioestimulante (0 e 8 mL L-1) e três condutividades elétricas da água de irrigação (0,03; 2 e 4 dS m-1), com quatro repetições. O acúmulo de 50 µmol g-1 de sódio nas folhas correspondeu a uma redução de 0,3 g de matéria seca na produção de lâminas foliares por vaso. O bioestimulante não influenciou as características estruturais do capimpangolão, acúmulo de fitomassa e condutância estomática, independentemente da salinidade. No nível de 4 dS m-1 na água de irrigação, a toxicidade do estresse iônico devido ao acúmulo de sais na parte aérea do capim-pangolão é mais severa. Esta é a primeira evidência da tolerância “moderada” à salinidade do capim-pangolão em regiões semiáridas.<br/><br/>Palavras-chave: estresse abiótico, acúmulo de fitomassa, salinidade, extrato de algas marinhas, teor de sódio
650 ## - ASSUNTO - THESAGRO
Cabeçalho tópico ou nome geográfico GRAMÍNEA FORRAGEIRA
650 ## - ASSUNTO - THESAGRO
Cabeçalho tópico ou nome geográfico SALINIDADE
650 ## - ASSUNTO - THESAGRO
Cabeçalho tópico ou nome geográfico STRESS
650 ## - ASSUNTO - THESAGRO
Cabeçalho tópico ou nome geográfico IRRIGAÇÃO
650 ## - ASSUNTO - THESAGRO
Cabeçalho tópico ou nome geográfico BIOESTIMULANTE
650 ## - ASSUNTO - THESAGRO
Cabeçalho tópico ou nome geográfico TROCA GASOSA
650 ## - ASSUNTO - THESAGRO
Cabeçalho tópico ou nome geográfico FISIOLOGIA VEGETAL
773 0# - ENTRADA ANALÍTICA
Host Biblionumber 3534
Registro do item 317829
Imprenta Campina Grande-PB Universidade Federal de Campina Grande. Centro de Ciências e Tecnologia 1997
Outro identificador 2024-4548
Título Revista Brasileira de Engenharia Agrícola e Ambiental (Brazil)
ISSN 1415-4366
Colação v. 27 (1) p. 26-33; (2023)
Número de controle de registro BR2025001439
856 ## - ACESSO E ENDEREÇO ELETRÔNICO
Identificador uniforme de recurso - URI https://www.scielo.br/j/rbeaa/a/bRbCyJv8z6zcC6C5x9FFzQD/?format=pdf&lang=en

Nenhum exemplar disponível.

BINAGRI

Telefone: (61)3218-2567/2388/3357/2097 - binagri@agro.gov.br

Ministério da Agricultura e Pecuária , Esplanada dos Ministérios, Bloco D, Anexo B, Brasília/DF, CEP: 70.043-900